President James Madison - Statistics

General Stats
  • This quiz has been taken 94 times
  • The average score is 8 of 12
Answer Stats
Hint Answer % Correct
He was born in this state Virginia
93%
Known as "Father of the ____________" Constitution
88%
War occurring during his presidency War of 1812
78%
His political party Democratic-Republican
74%
Cabinet position under Jefferson Secretary of State
74%
Collection of essays written with Jay & Hamilton The Federalist Papers
74%
His spouse Dolley Todd Payne
68%
Post-war period, "Era of ____ ________" Good Feelings
54%
Helped Jefferson establish this school University of Virginia
50%
He attended this university Princeton
44%
Treaty which ended that war Treaty of Ghent
35%
Name of family home and burial place Montpelier
22%
No matching quizzes found
Score Distribution
Percent of People with Each Score
Percentile by Number Answered
Your Score History
You have not taken this quiz